| 000 | 00741nam a2200241 a 4500 | ||
|---|---|---|---|
| 003 | DO-SdBNP | ||
| 005 | 20210805134546.0 | ||
| 008 | 100330s2013 dr a 000 0bspa d | ||
| 040 |
_aBPMSU _bspa _cBPMSU |
||
| 049 | _a | ||
| 082 |
_a923.27293 _bD812T, 2013 _222 |
||
| 100 | 1 |
_aTroncoso Sánchez, Pedro, _d1904- |
|
| 245 | 1 | 0 |
_aEpisodios duartianos / _cPedro Troncoso Sánchez. |
| 250 | _a6a ed. | ||
| 260 |
_aSanto Domingo : _bInstituto Duartiano, _c2013 |
||
| 300 |
_a327 p. : _bil. ; _c22 cm. |
||
| 490 | 0 |
_aDuartina, _v2 |
|
| 590 | _6Inventariado, 2021/VM | ||
| 600 | 1 | 0 |
_aDuarte, Juan Pablo, _d1813-1876 |
| 651 | 4 |
_aRepública Dominicana _xHistoria _yOcupación haitiana , 1822-1844 |
|
| 910 | _aVMateo V. | ||
| 942 |
_2ddc _cBK |
||
| 999 |
_c13631 _d13631 |
||